000 00374nam a2200145Ia 4500
008 230312s9999||||xx |||||||||||||| ||und||
020 _a9789696520849
082 _a891.4
_bGAY-M
100 _aایچ ـ ایل ـ اوـ گیرٹ
245 0 _aمقدمہ محمد بہادر شاہ
260 _bJamhori
_apak
_c2017
300 _a359
650 _aLiterature
942 _cBK
999 _c14927
_d14927